000 00562nam a22002057a 4500
005 20260427113514.0
008 260427b |||||||| |||| 00| 0 eng d
037 _cDSWL
040 _aDSWL
_cDSWL
041 _heng
084 _aY1:438-91 Q7
100 _aPilisuk, Max
_91235746
245 _aHidden structure of violence
260 _aNew Delhi,
_bSage Publication,
_c2017
300 _a359p
365 _aINR
_b1195
700 _aJ A Rountree
_91235747
942 _2CC
_cTEXL
_hY1:438-91 Q7
_n0
999 _c1848559
_d1848559